|
|
|
|
| LEADER |
00000naa2a2200000 4500 |
| 001 |
156306 |
| 005 |
20231221154944.0 |
| 035 |
|
|
|a (RuTPU)RU\TPU\book\169545
|
| 090 |
|
|
|a 156306
|
| 100 |
|
|
|a 20090325d2008 k y0rusy50 ca
|
| 101 |
0 |
|
|a rus
|
| 102 |
|
|
|a RU
|
| 200 |
1 |
|
|a Комбинированное исследование локализованного развития деформации оптико-телевизионными и акусто-эмиссионным методами
|f А. В. Бяков, Е. В. Терентьев, С. В. Панин
|
| 320 |
|
|
|a Библиогр.: 5 назв.
|
| 463 |
|
0 |
|0 (RuTPU)RU\TPU\book\158722
|t Новые материалы. Создание, структура, свойства - 2008
|o труды
|o VIII Всероссийская школа-семинар с международным участием, 9-10 июня 2009 г., г. Томск
|f Томский политехнический университет (ТПУ) ; Российская академия наук (РАН), Сибирское отделение (СО), Институт физики прочности и материаловедения (ИФПМ)
|v С. 15-18
|d 2008
|p 232 с.
|
| 610 |
1 |
|
|a деформация
|
| 610 |
1 |
|
|a оптико-телевизионные методы
|
| 610 |
1 |
|
|a акусто-эмиссионные методы
|
| 610 |
1 |
|
|a разрушение
|
| 610 |
1 |
|
|a методы исследования
|
| 610 |
1 |
|
|a акустическая эмиссия
|
| 610 |
1 |
|
|a поверхности
|
| 610 |
1 |
|
|a метод акустической эмиссии
|
| 610 |
1 |
|
|a труды учёных ТПУ
|
| 700 |
|
1 |
|a Бяков
|b А. В.
|c специалист в области материаловедения
|c ассистент кафедры материаловедения в машиностроении Томского политехнического университета
|f 1985-
|g Антон Викторович
|3 (RuTPU)RU\TPU\pers\28936
|
| 701 |
|
1 |
|a Терентьев
|b Е. В.
|
| 701 |
|
1 |
|a Панин
|b С. В.
|c специалист в области материаловедения
|c профессор Томского политехнического университета, доктор технических наук
|f 1971-
|g Сергей Викторович
|3 (RuTPU)RU\TPU\pers\26548
|9 12237
|
| 801 |
|
1 |
|a RU
|b 63413507
|c 20090325
|g PSBO
|
| 801 |
|
2 |
|a RU
|b 63413507
|c 20151210
|g RCR
|
| 942 |
|
|
|c BK
|